00426nam a2200157Ia 4500008004100000020001800041082001500059100001700074245003100091250000700122260004400129300002800173500001900201600003300220650001500253240925s9999 xx 000 0 und d a9781107698543 a801.95 LEW aLewis, C. S. 3aAn Experiment in Criticism aNA aNew York:bCambridge Universityc,2013. axii, 429p.b0fOriginal aIncludes Index aHumanities & Natural Science aLiterature